000 003240000a22001450004500
001 005694
003 MACL
040 _aMACL
090 _c17687
_d17686
245 _aRooh ul Islam
_bKarpardazane Daftar N Age
260 _aPunjab National Agency Panipat
350 _a0.75
650 _aUrdu Literature
942 _k891
_cBook
999 _c17576
_d17576